The Barn 1948 and more dirty pictures

Đã lưu trong:
Chi tiết về thư mục
Tác giả chính: Blade
Định dạng: Sách
Ngôn ngữ:Tiếng Anh
Được phát hành: Stompers 1980
Các nhãn: Thêm thẻ
Không có thẻ, Là người đầu tiên thẻ bản ghi này!

MARC

LEADER 00000nam a2200000 4500
005 20240831165349.0
008 240731b |||||||| |||| 00| 0 eng d
020 |a 0938052004 
040 |c GP 
100 |a Blade 
245 |a The Barn 1948 and more dirty pictures 
260 |b Stompers  |c 1980 
942 |2 ddc  |c BK  |n 0 
952 |0 0  |1 0  |2 ddc  |4 0  |6 741_500000000000000_BLA  |7 1  |9 1759  |a RM  |b RM  |d 2024-07-31  |l 0  |o 741.5 BLA  |p 577  |r 2024-07-31 19:15:35  |w 2024-07-31  |y BK 
999 |c 1575  |d 1575